Metro w Warszawie - Statystyki

Ogólne statystyki
  • Ten quiz został rozwiązany 3 052 razy
  • Średni wynik to 22 z 33
Statystyki odpowiedzi
% Poprawnych
Centrum
92%
Kabaty
92%
Świętokrzyska
91%
Młociny
90%
Politechnika
80%
Ratusz Arsenał
79%
Dworzec Gdański
78%
Stadion Narodowy
78%
Pole Mokotowskie
74%
Plac Wilsona
73%
Rondo ONZ
73%
Centrum Nauki Kopernik
72%
Natolin
72%
Stare Bielany
72%
Wawrzyszew
72%
Imielin
71%
Ursynów
71%
Wilanowska
70%
Marymont
68%
Rondo Daszyńskiego
68%
Słodowiec
67%
Dworzec Wileński
66%
Racławicka
66%
Służew
64%
Stokłosy
64%
Wierzbno
63%
Nowy Świat-Uniwersytet
53%
Targówek
49%
Księcia Janusza
48%
Trocka
46%
Płocka
40%
Szwedzka
40%
Młynów
33%
Nie znaleziono quizów pasujących do podanych kryteriów
Rozkład punktacji
Procent ludzi z każdym wynikiem
Percentyl według liczby udzielonych odpowiedzi
Twoja historia wyników
Nie rozwiązałeś tego quizu